Guess The Car By Country #2 - Statistics

General Stats
  • This quiz has been taken 13 times
  • The average score is 5 of 12
Answer Stats
Country Brand % Correct
USA Chevrolet
67%
South Korea Hyundai
56%
Russia Lada
56%
Japan Mazda
56%
Germany Audi
44%
USA Dodge
44%
Japan Honda
44%
Japan Subaru
44%
Germany Porsche
33%
Italy Alfa Romeo
22%
USA Jeep
11%
Italy Pagani
11%
No matching quizzes found
Score Distribution
Percent of People with Each Score
Percentile by Number Answered
Your Score History
You have not taken this quiz